000
00292nam a22001337a 4500
008
170405b xxu||||| |||| 00| 0 eng d
020
_a
9780131442009
041
_a
eng
080
_2
9 ED
_a
574
100
_a
9
101
_a
SHM
245
_a
ENVIROMENT SCIENCE
_c
WRIGHT.R.T
942
_2
udc
_c
BK
999
_c
9706
_d
9706